000 00696nam a22002173a 4500
005 20210223124608.0
008 010531s2000 mx fr 000 0 spa d
020 _a9701848012
035 _aUPN01000116902
049 _aCG
050 4 _aPR5814 E8
_bC8
100 1 _aWilde, Oscar,
_d1854-1900
_928364
245 1 0 _aCuentos y poemas en prosa /
_cOscar Wilde ; tr. Julio Gómez de la Serna ; presentación Angélica Tornero.
260 _aMéxico :
_bCNCA, Dirección General de Publicaciones,
_c2000.
300 _a137 p.
440 0 _aClásicos para hoy ;
_v43
600 1 4 _aWILDE, OSCAR,
_d1854-1900 -
_xSELECCION, EXTRACTOS, ETC.
901 _a184918
902 _aCAA/npd
905 _aLibro
999 _c89544
_d89544